Techniques of the observer : on vision and modernity in the nineteenth century = Técnicas del observador sobre la visión y la modernidad en el siglo XIX /
Sábháilte in:
| Príomhchruthaitheoir: | |
|---|---|
| Formáid: | Anaithnid |
| Teanga: | English |
| Foilsithe / Cruthaithe: |
Cambridge, Mass :
MIT Press,
1990.
|
| Ábhair: | |
| Clibeanna: |
Cuir clib leis
Níl clibeanna ann, Bí ar an gcéad duine le clib a chur leis an taifead seo!
|
MARC
| LEADER | 000000000a22000000004500 | ||
|---|---|---|---|
| 001 | 014362 | ||
| 020 | |a 0262031698 | ||
| 041 | 0 | |a eng | |
| 082 | 0 | 4 | |a 701.15 |b C886t |
| 100 | 1 | |a Crary, Jonathan | |
| 245 | 1 | 0 | |a Techniques of the observer : |b on vision and modernity in the nineteenth century = Técnicas del observador sobre la visión y la modernidad en el siglo XIX / |c Jonathan Crary. |
| 246 | 3 | 1 | |a Técnicas del observador sobre la visión y la modernidad en el siglo XIX |
| 260 | 1 | |a Cambridge, Mass : |b MIT Press, |c 1990. | |
| 300 | |a 171 páginas | ||
| 650 | 4 | |a PERSEPCION VISUAL | |
| 650 | 4 | |a ARTE MODERNO | |
| 650 | 4 | |a ARTE Y SOCIEDAD | |
| 650 | 4 | |a HISTORIA | |
| 500 | |a Colección George Yúdice | ||
| 999 | |c 20255 |d 20255 | ||
| 942 | |c BK |h 701.15 C886t |2 z | ||



